Geography Quiz

Random Geography or Blitz Quiz

America By Any 2 Letters Blitz Quiz Stats

 Plays Quiz Updated Oct 3, 2017

Challenge
Share
Tweet
Score 0/35 Timer 00:30
40 Plays Today
% Correct
Dominican Republic
99.7%
United States of America
99.6%
St. Vincent
& Gren.
99.3%
Nicaragua
98.8%
Saint Lucia
98.8%
Suriname
98.3%
Antigua and
Barbuda
98%
Ecuador
97.9%
.Dominica.
97.8%
Colombia
97.6%
Trinidad
and
Tobago
97.4%
Costa Rica
97.4%
Honduras
96.5%
Canada
95.9%
Brazil
94.8%
Cuba
94.6%
Mexico
94.1%

Barbados
.
94.1%
% Correct
Paraguay
92.8%

Jamaica
.
.
92.8%
Argentina
92.5%
Guatemala
92.4%
El Salvador
90.6%
Uruguay
88.7%
Chile
86.4%
Grenada
85.2%
Venezuela
83.3%
Saint
Kitts
and
Nevis
81.2%
Panama
79.4%
Guyana
79.4%
Peru
78.7%
Bolivia
78.3%

Bahamas
.
72.2%
Haiti
59.5%
Belize
58.5%

You're not logged in!

Compare scores with friends on all Sporcle quizzes.
Join for Free
OR
Log In

You Might Also Like...

Show Comments

Extras

Top Quizzes Today


Score Distribution

Your Account Isn't Verified!

In order to create a playlist on Sporcle, you need to verify the email address you used during registration. Go to your Sporcle Settings to finish the process.

Report this User

Report this user for behavior that violates our Community Guidelines.

Details: